[Event "HUN-chT1 Charousek 2324"]
[Site "Hungary"]
[Date "2023.11.26"]
[Round "4.4"]
[White "Nagy, Kristof"]
[Black "Szikszai, Bertalan"]
[Result "0-1"]
[WhiteElo "2213"]
[BlackElo "2263"]
[PlyCount "60"]
[EventDate "2023.10.08"]
[EventType "team-tourn"]
[EventRounds "11"]
[EventCountry "HUN"]
[SourceTitle "EXT 2025"]
[Source "ChessBase"]
[SourceDate "2024.10.14"]
[SourceVersion "1"]
[SourceVersionDate "2024.10.14"]
[SourceQuality "1"]
[WhiteTeam "Csuti Hydro"]
[BlackTeam "Biatorbagy II"]
[WhiteTeamCountry "HUN"]
[BlackTeamCountry "HUN"]

1. d4 Nf6 2. Nf3 g6 3. Bf4 Bg7 4. e3 0-0 5. h3 d6 6. Be2 c5 7. c3 b6 8. 0-0 Bb7 9. a4 Nbd7 10. Bh2 Re8 11. b4 e5 12. Qb3 Ne4 13. dxc5 dxc5 14. Rd1 Qe7 15. Na3 Nxc3 16. Qxc3 e4 17. Nd4 cxd4 18. exd4 Nf6 19. Nb5 Nd5 20. Qa3 e3 21. Bf3 a6 22. Nc7 exf2+ 23. Kxf2 Qh4+ 24. Kg1 Re3 25. Qb2 Rxf3 26. gxf3 Nf4 27. Bxf4 Qxf4 28. Nxa8 Qxf3 29. Ra2 Qxd1+ 30. Kh2 Bxd4 0-1

[Event "HUN-chT1 Charousek 2324"]
[Site "Hungary"]
[Date "2023.10.29"]
[Round "3.4"]
[White "Nagy, Kristof"]
[Black "Gjuran, Denis"]
[Result "1/2-1/2"]
[WhiteElo "2208"]
[BlackElo "2291"]
[PlyCount "28"]
[EventDate "2023.10.08"]
[EventType "team-tourn"]
[EventRounds "11"]
[EventCountry "HUN"]
[SourceTitle "EXT 2025"]
[Source "ChessBase"]
[SourceDate "2024.10.14"]
[SourceVersion "1"]
[SourceVersionDate "2024.10.14"]
[SourceQuality "1"]
[WhiteTeam "Csuti Hydro"]
[BlackTeam "SZASTE"]
[WhiteTeamCountry "HUN"]
[BlackTeamCountry "HUN"]

1. d4 d5 2. Nf3 e6 3. Bf4 Bd6 4. Bg3 Nf6 5. e3 0-0 6. Nbd2 c5 7. c3 Qc7 8. Ne5 b6 9. Bd3 Ba6 10. Bxa6 Nxa6 11. Qe2 Nb8 12. 0-0 Nfd7 13. f4 f6 14. Qg4 f5 1/2-1/2

[Event "HUN-chT1 Charousek 2324"]
[Site "Hungary"]
[Date "2023.10.08"]
[Round "1.4"]
[White "Nagy, Kristof"]
[Black "Nagy, Bence"]
[Result "1/2-1/2"]
[WhiteElo "2208"]
[BlackElo "2315"]
[PlyCount "37"]
[EventDate "2023.10.08"]
[EventType "team-tourn"]
[EventRounds "11"]
[EventCountry "HUN"]
[SourceTitle "EXT 2025"]
[Source "ChessBase"]
[SourceDate "2024.10.14"]
[SourceVersion "1"]
[SourceVersionDate "2024.10.14"]
[SourceQuality "1"]
[WhiteTeam "Csuti Hydro"]
[BlackTeam "Haladas Szombathely II"]
[WhiteTeamCountry "HUN"]
[BlackTeamCountry "HUN"]

1. d4 Nf6 2. Nf3 g6 3. Bf4 Bg7 4. e3 0-0 5. h3 d5 6. Nbd2 c5 7. c3 Nc6 8. Be2 a5 9. a4 Nd7 10. 0-0 e5 11. dxe5 Ndxe5 12. Nxe5 Nxe5 13. Nf3 Nxf3+ 14. Bxf3 d4 15. Qb3 dxc3 16. bxc3 Qf6 17. Rac1 Ra6 18. Qb5 Bxh3 19. Qxb7 1/2-1/2

[Event "Zalakaros Barczay Memorial"]
[Site "Zalakaros"]
[Date "2023.06.11"]
[Round "9"]
[White "Tompa, Janos"]
[Black "Nagy, Kristof"]
[Result "0-1"]
[WhiteElo "2303"]
[BlackElo "2210"]
[PlyCount "73"]
[EventDate "2023.06.03"]
[EventType "swiss"]
[EventRounds "9"]
[EventCountry "HUN"]
[SourceTitle "CBM 214 Extra"]
[Source "ChessBase"]
[SourceDate "2023.07.31"]
[SourceVersion "1"]
[SourceVersionDate "2023.07.31"]
[SourceQuality "1"]

1. c4 e6 2. Nf3 Nf6 3. b3 d5 4. g3 b6 5. Bg2 Bb7 6. 0-0 Be7 7. Bb2 0-0 8. e3 c5 9. Qe2 a5 10. Nc3 Ne4 11. d3 Nxc3 12. Bxc3 Nd7 13. Rfd1 Bf6 14. Bxf6 Qxf6 15. cxd5 exd5 16. d4 Rfd8 17. Rac1 Ba6 18. Qb2 Rac8 19. a3 g5 20. b4 h6 21. bxc5 bxc5 22. Ne5 Nxe5 23. dxe5 Qe6 24. Qd2 d4 25. exd4 Rxd4 26. Qxa5 Be2 27. Re1 Rc4 28. Rxc4 Qxc4 29. Qd2 Bd3 30. Rd1 Bf5 31. Bd5 Qa4 32. Ra1 Qd7 33. Qa2 Rd8 34. Bf3 Qd3 35. Qe2 Qc3 36. Re1 Rd2 37. Ra1 0-1

[Event "HUN-chT1 Charousek 2223"]
[Site "Hungary"]
[Date "2023.04.23"]
[Round "9.5"]
[White "Ronai, Akos Balazs"]
[Black "Nagy, Kristof"]
[Result "1/2-1/2"]
[WhiteElo "2208"]
[BlackElo "2200"]
[PlyCount "161"]
[EventDate "2022.11.20"]
[EventType "team-tourn"]
[EventRounds "9"]
[EventCountry "HUN"]
[SourceTitle "EXT 2025"]
[Source "ChessBase"]
[SourceDate "2024.10.14"]
[SourceVersion "1"]
[SourceVersionDate "2024.10.14"]
[SourceQuality "1"]
[WhiteTeam "Komlo Banyasz"]
[BlackTeam "Csuti Hydro"]
[WhiteTeamCountry "HUN"]
[BlackTeamCountry "HUN"]

1. e4 c5 2. Nc3 Nc6 3. f4 g6 4. Nf3 Bg7 5. Bb5 Nd4 6. 0-0 a6 7. Bd3 d6 8. Nxd4 Bxd4+ 9. Kh1 Nh6 10. Ne2 Bg7 11. c3 0-0 12. Bc2 e5 13. f5 Qh4 14. Ng1 Ng4 15. Nf3 Qh5 16. h3 gxf5 17. exf5 Nh6 18. d4 cxd4 19. Bxh6 Bxh6 20. Qd3 Bd7 21. Rae1 Bc6 22. Nh2 Be3 23. Rxe3 dxe3 24. Qxe3 Kh8 25. Be4 Qh4 26. Bxc6 bxc6 27. Ng4 Rg8 28. Nh6 Rg3 29. Nxf7+ Kg7 30. Qb6 Rf8 31. Nxd6 Kh8 32. Qb3 Rg7 33. Qe6 Qf6 34. Qxf6 Rxf6 35. Ne8 Rf8 36. Nxg7 Kxg7 37. g4 Kf6 38. Kg2 Rd8 39. Rf2 Rd3 40. Re2 h5 41. Rf2 h4 42. Rc2 Rg3+ 43. Kh2 Rd3 44. Rg2 Kg5 45. Rf2 Kf6 46. Re2 Rd1 47. Kg2 Rd3 48. a4 Rg3+ 49. Kh2 Rd3 50. Rc2 e4 51. Re2 Ke5 52. f6 Rf3 53. g5 Kf5 54. g6 Kxg6 55. Rxe4 Rf2+ 56. Kg1 Rxf6 57. Rxh4 Rd6 58. Rd4 Re6 59. Kf2 Kf5 60. Rd3 Rh6 61. Kg3 Rg6+ 62. Kf3 Rh6 63. Ke2 Ke5 64. Kd2 Rh4 65. b3 a5 66. Re3+ Kd5 67. Rg3 Rh5 68. Kd3 Kd6 69. Re3 Rh8 70. b4 axb4 71. cxb4 Rh4 72. Kc3 c5 73. Rd3+ Kc7 74. bxc5 Rxa4 75. Kb3 Rh4 76. Rd6 Rxh3+ 77. Kc4 Rh4+ 78. Kb5 Rh1 79. Rg6 Rb1+ 80. Kc4 Rc1+ 81. Kd3 1/2-1/2

[Event "HUN-chT1 Charousek 2223"]
[Site "Hungary"]
[Date "2022.11.20"]
[Round "1.5"]
[White "Nagy, Kristof"]
[Black "Bodrogi, Bendeguz"]
[Result "1-0"]
[WhiteElo "2162"]
[BlackElo "2241"]
[PlyCount "119"]
[EventDate "2022.11.20"]
[EventType "team-tourn"]
[EventRounds "9"]
[EventCountry "HUN"]
[SourceTitle "EXT 2025"]
[Source "ChessBase"]
[SourceDate "2024.10.14"]
[SourceVersion "1"]
[SourceVersionDate "2024.10.14"]
[SourceQuality "1"]
[WhiteTeam "Csuti Hydro"]
[BlackTeam "Paks ASE II"]
[WhiteTeamCountry "HUN"]
[BlackTeamCountry "HUN"]

1. d4 d5 2. Nf3 e6 3. Bf4 Bd6 4. Bg3 Nf6 5. e3 0-0 6. Nbd2 c5 7. c3 Nc6 8. Be2 Re8 9. Ne5 Qc7 10. f4 Nd7 11. Bd3 Nf8 12. Qh5 b6 13. 0-0 Bb7 14. Rf3 f6 15. Raf1 g6 16. Qh6 Qg7 17. Qxg7+ Kxg7 18. Nxc6 Bxc6 19. Bh4 Nd7 20. g4 Rf8 21. Bg3 Rae8 22. h4 Bb8 23. g5 f5 24. b3 h6 25. Bf2 hxg5 26. hxg5 Rh8 27. Rg3 Rh7 28. Nf3 Reh8 29. Kg2 c4 30. Be2 e5 31. fxe5 Nxe5 32. dxe5 d4 33. Rg1 d3 34. Bd1 Bxe5 35. Kf1 Bxg3 36. Bxg3 Re8 37. Kf2 b5 38. Nd4 Bd7 39. bxc4 bxc4 40. Bf3 Ba4 41. Bc6 Bxc6 42. Nxc6 Re6 43. Ne5 Ra6 44. Nxc4 Rxa2+ 45. Kf3 Kg8 46. Rd1 d2 47. Nxd2 Rd7 48. Ke2 a5 49. Be5 a4 50. Bd4 Rb2 51. Ra1 Rh7 52. Kd3 Rh5 53. Bf6 Rh2 54. Nc4 Ra2 55. Rb1 Kf7 56. Rb6 Ke8 57. Rb7 Kf8 58. Ne5 Rhb2 59. Ra7 Rd2+ 60. Kc4 1-0

[Event "HUN-chT1 Charousek 2122"]
[Site "Hungary"]
[Date "2021.10.31"]
[Round "2.5"]
[White "Nagy, Kristof"]
[Black "Magyar, Andras"]
[Result "1-0"]
[WhiteElo "2142"]
[BlackElo "2248"]
[PlyCount "109"]
[EventDate "2021.10.10"]
[EventType "team-tourn"]
[EventRounds "11"]
[EventCountry "HUN"]
[SourceTitle "EXT 2025"]
[Source "ChessBase"]
[SourceDate "2024.10.14"]
[SourceVersion "1"]
[SourceVersionDate "2024.10.14"]
[SourceQuality "1"]
[WhiteTeam "Csuti Hydro"]
[BlackTeam "Haladas II"]
[WhiteTeamCountry "HUN"]
[BlackTeamCountry "HUN"]

1. e4 c5 2. Nf3 Nc6 3. d4 cxd4 4. Nxd4 Nf6 5. Nc3 d6 6. Be2 e5 7. Nb3 Be7 8. 0-0 0-0 9. Be3 a5 10. Bf3 a4 11. Nc1 Qa5 12. a3 Be6 13. Nd5 Bxd5 14. exd5 e4 15. dxc6 exf3 16. cxb7 fxg2 17. bxa8Q gxf1Q+ 18. Qxf1 Rxa8 19. Nd3 Qf5 20. Re1 Rc8 21. c3 Ne4 22. f3 Ng5 23. Bxg5 Bxg5 24. Qe2 h5 25. Qe4 Qh3 26. Qd5 Bf6 27. Re2 g6 28. Rg2 Kf8 29. Qxd6+ Be7 30. Qe5 f6 31. Qe4 g5 32. Re2 Rc7 33. Qxa4 Qxf3 34. Qe4 Qh3 35. Re3 Qd7 36. Rf3 Kg7 37. Rf5 Rc6 38. Rd5 Rd6 39. c4 Bf8 40. Kg2 Qc6 41. Nc5 Kh6 42. b4 Rxd5 43. Qxd5 Qe8 44. Ne6 Be7 45. c5 h4 46. Nd4 h3+ 47. Kf2 Bf8 48. Qg8 Qc8 49. Qe6 Qd8 50. Qxh3+ Kg6 51. Qd3+ Kh5 52. Qh7+ Bh6 53. Qf7+ Kh4 54. Nf3+ Kh3 55. Qh5# 1-0

[Event "HUN-chT2 Charousek 1819"]
[Site "Hungary"]
[Date "2018.12.02"]
[Round "5.9"]
[White "Fuad Kamel Jamaliah, Natalie"]
[Black "Nagy, Kristof"]
[Result "1/2-1/2"]
[WhiteElo "1992"]
[BlackElo "2144"]
[PlyCount "56"]
[EventDate "2018.09.23"]
[EventType "team-tourn"]
[EventRounds "11"]
[EventCountry "HUN"]
[SourceTitle "CBM 189 Extra"]
[Source "ChessBase"]
[SourceDate "2019.05.31"]
[SourceVersion "1"]
[SourceVersionDate "2019.05.31"]
[SourceQuality "1"]
[WhiteTeam "Budapest HUSI"]
[BlackTeam "Szentgotthard Alsoszolnok"]
[WhiteTeamCountry "HUN"]
[BlackTeamCountry "HUN"]

1. d4 d5 2. Bf4 e6 3. c3 Bd6 4. Bg3 Nf6 5. e3 0-0 6. Bd3 c5 7. Nd2 Nc6 8. Ngf3 b6 9. Rc1 Bb7 10. 0-0 Bxg3 11. hxg3 Ne7 12. Ne5 Ng6 13. Nxg6 hxg6 14. Qc2 Qd6 15. Rfe1 Rac8 16. Qb1 Rfd8 17. Nf3 Nd7 18. Rcd1 a5 19. Bb5 Bc6 20. Bxc6 Qxc6 21. Rd2 c4 22. e4 dxe4 23. Rxe4 Nf6 24. Rh4 b5 25. Ne5 Qb7 26. Qe1 Rd6 27. Qe2 Qd5 28. f3 b4 1/2-1/2

[Event "Balatonalmadi Pannonia Cup 23th"]
[Site "Balatonalmadi"]
[Date "2018.07.21"]
[Round "6"]
[White "Horvath, Balazs"]
[Black "Nagy, Kristof"]
[Result "1/2-1/2"]
[WhiteElo "2088"]
[BlackElo "2119"]
[PlyCount "88"]
[EventDate "2018.07.18"]
[EventType "swiss"]
[EventRounds "7"]
[EventCountry "HUN"]
[SourceTitle "EXT 2025"]
[Source "ChessBase"]
[SourceDate "2024.10.14"]
[SourceVersion "1"]
[SourceVersionDate "2024.10.14"]
[SourceQuality "1"]

1. e4 c5 2. Nf3 d6 3. d4 cxd4 4. Nxd4 Nf6 5. Nc3 a6 6. h3 e5 7. Nde2 h6 8. g4 Be6 9. Bg2 Be7 10. 0-0 Qc7 11. Be3 Nbd7 12. f4 Bc4 13. b3 Bxe2 14. Nxe2 exf4 15. Bxf4 Ne5 16. Nd4 g6 17. Qd2 h5 18. g5 Nfd7 19. Rad1 b5 20. Kh1 0-0 21. Qe2 Rfc8 22. Nf5 Bf8 23. Ne3 Nb6 24. Rd2 Re8 25. Qf2 Rad8 26. Rfd1 Bg7 27. Nd5 Nxd5 28. Rxd5 Kh7 29. Be3 Rd7 30. Qd2 Re6 31. Bf4 Kg8 32. Qf2 Qc6 33. R1d2 Qc7 34. Qg3 Re8 35. Bf1 Qc6 36. Bg2 Qc7 37. c3 Qc6 38. Rc2 Qc7 39. c4 bxc4 40. bxc4 Qb8 41. c5 Rc8 42. Qa3 Rc6 43. Rcd2 Rxc5 44. Rxc5 dxc5 1/2-1/2

[Event "Balatonalmadi Pannonia Cup 23th"]
[Site "Balatonalmadi"]
[Date "2018.07.20"]
[Round "4"]
[White "Bodi, Tibor"]
[Black "Nagy, Kristof"]
[Result "1/2-1/2"]
[WhiteElo "2215"]
[BlackElo "2119"]
[PlyCount "56"]
[EventDate "2018.07.18"]
[EventType "swiss"]
[EventRounds "7"]
[EventCountry "HUN"]
[SourceTitle "EXT 2025"]
[Source "ChessBase"]
[SourceDate "2024.10.14"]
[SourceVersion "1"]
[SourceVersionDate "2024.10.14"]
[SourceQuality "1"]

1. e4 c5 2. Nf3 d6 3. Bb5+ Bd7 4. Bxd7+ Qxd7 5. 0-0 Nc6 6. c3 Nf6 7. Re1 e6 8. d4 Be7 9. Bg5 h6 10. Bxf6 Bxf6 11. d5 exd5 12. exd5+ Ne7 13. Nbd2 g6 14. Ne4 Bg7 15. Qe2 0-0 16. Rad1 Rae8 17. Qd3 b5 18. h3 Nc8 19. Qd2 Kh7 20. Qf4 f5 21. Ng3 Rxe1+ 22. Rxe1 Re8 23. Rxe8 Qxe8 24. h4 Be5 25. Nxe5 Qxe5 26. Qf3 Ne7 27. h5 g5 28. Qd1 f4 1/2-1/2

[Event "HUN-chT2 Szechenyi 1718"]
[Site "Hungary"]
[Date "2018.03.04"]
[Round "7.3"]
[White "Nagy, Kristof"]
[Black "Martini, Balazs"]
[Result "0-1"]
[WhiteElo "2127"]
[BlackElo "2347"]
[PlyCount "92"]
[EventDate "2017.10.29"]
[EventType "team-tourn"]
[EventRounds "9"]
[EventCountry "HUN"]
[SourceTitle "EXT 2021"]
[Source "ChessBase"]
[SourceDate "2020.10.23"]
[SourceVersion "1"]
[SourceVersionDate "2020.10.23"]
[SourceQuality "1"]
[WhiteTeam "Csuti Baki Agrocentrum"]
[BlackTeam "Ajka Banyasz"]
[WhiteTeamCountry "HUN"]
[BlackTeamCountry "HUN"]

1. e4 Nc6 2. Nc3 g6 3. g3 Bg7 4. Bg2 d6 5. Nge2 e5 6. d3 Bg4 7. h3 Be6 8. 0-0 Qd7 9. Kh2 h5 10. Nd5 0-0-0 11. c4 f5 12. exf5 gxf5 13. Bg5 Rf8 14. f4 h4 15. gxh4 Nge7 16. Qe1 Ng6 17. Rd1 Bh6 18. Qf2 Qg7 19. a3 Bd7 20. b4 Bxg5 21. hxg5 Kb8 22. b5 Nd8 23. Nf6 Bc8 24. Qe3 Ne6 25. fxe5 Nxe5 26. d4 Qxf6 27. dxe5 Qxe5+ 28. Qxe5 dxe5 29. Rd5 Nxg5 30. Rxe5 Nf7 31. Re7 Nd6 32. c5 Nxb5 33. Rb1 Nxa3 34. Rb3 Nc4 35. Nd4 Na5 36. Rb5 Rd8 37. Nxf5 Bxf5 38. Rxa5 Bxh3 39. Bxh3 Rd3 40. Ra4 Rdxh3+ 41. Kg2 Rc3 42. Re5 Rd8 43. Kf2 b6 44. cxb6 axb6 45. Ke2 Kb7 46. Re7 b5 0-1

[Event "HUN-chT2 Szechenyi 1718"]
[Site "Hungary"]
[Date "2017.11.26"]
[Round "2.2"]
[White "Ezsol, Miklos"]
[Black "Nagy, Kristof"]
[Result "1-0"]
[WhiteElo "2368"]
[BlackElo "2127"]
[PlyCount "159"]
[EventDate "2017.10.29"]
[EventType "team-tourn"]
[EventRounds "9"]
[EventCountry "HUN"]
[SourceTitle "EXT 2021"]
[Source "ChessBase"]
[SourceDate "2020.10.23"]
[SourceVersion "1"]
[SourceVersionDate "2020.10.23"]
[SourceQuality "1"]
[WhiteTeam "Gyor Elektromos"]
[BlackTeam "Csuti Baki Agrocentrum"]
[WhiteTeamCountry "HUN"]
[BlackTeamCountry "HUN"]

1. d4 d5 2. c4 e6 3. Nc3 c6 4. cxd5 exd5 5. Nf3 Nf6 6. Bg5 Be7 7. Qc2 Be6 8. e3 Nbd7 9. Bd3 h6 10. Bh4 0-0 11. h3 Ne8 12. Bxe7 Qxe7 13. 0-0-0 Nd6 14. Kb1 Rfc8 15. Rc1 b5 16. Ka1 a5 17. Rhe1 Nb6 18. Ne5 a4 19. Nb1 Ndc4 20. f4 Nxe5 21. fxe5 Nc4 22. Bxc4 bxc4 23. Rf1 Rcb8 24. Qd2 Rb7 25. Rc2 Rab8 26. a3 Rb3 27. Nc3 Ra8 28. Qf2 Qg5 29. e4 Ra5 30. Qd2 Qxd2 31. Rxd2 Ra7 32. exd5 cxd5 33. Rdf2 Kh7 34. Rf3 Rb6 35. Kb1 Kg8 36. Kc1 Kh7 37. R1f2 Rb8 38. Ne2 Rab7 39. Nf4 Kg8 40. Rg3 Rb3 41. Rgf3 Rxf3 42. Rxf3 Rb6 43. Rg3 Kf8 44. h4 Rb5 45. Nh5 g6 46. Nf4 Bf5 47. Ne2 h5 48. Nc3 Ra5 49. Rf3 Ke7 50. Rf2 Ke6 51. Kd2 Ra7 52. Ke3 Ra5 53. Kf4 Ke7 54. Kg5 Be6 55. Kh6 Kf8 56. Rf6 Ra7 57. Ne2 Rb7 58. Nf4 Bf5 59. e6 Be4 60. Rxf7+ Rxf7 61. exf7 Kxf7 62. Kg5 Kg7 63. Ne2 Kf7 64. Nc3 Bxg2 65. Nxa4 Ke6 66. Kxg6 Bf3 67. Nc5+ Kd6 68. Kf6 Bd1 69. Ne6 Kc6 70. Ke5 Bf3 71. Nf4 Bh1 72. Nxh5 Kb5 73. Nf4 Ka4 74. Nxd5 Kb3 75. Ne3 Kxb2 76. Nxc4+ Kb3 77. Nb6 Kxa3 78. h5 Kb4 79. h6 Kb5 80. h7 1-0

[Event "HUN-chT2 Charousek 1516"]
[Site "Hungary"]
[Date "2015.12.06"]
[Round "4.9"]
[White "Terbe, Zsuzsanna"]
[Black "Nagy, Kristof"]
[Result "1-0"]
[WhiteElo "2063"]
[BlackElo "2122"]
[PlyCount "177"]
[EventDate "2015.10.18"]
[EventType "team-tourn"]
[EventRounds "9"]
[EventCountry "HUN"]
[SourceTitle "CBM 170 Extra"]
[Source "ChessBase"]
[SourceDate "2016.02.25"]
[SourceVersion "1"]
[SourceVersionDate "2016.02.25"]
[SourceQuality "1"]
[WhiteTeam "Budapest MTK"]
[BlackTeam "SZASTE"]
[WhiteTeamCountry "HUN"]
[BlackTeamCountry "HUN"]

1. e4 c5 2. c3 Nf6 3. e5 Nd5 4. Nf3 e6 5. Bc4 d6 6. d4 cxd4 7. cxd4 Nc6 8. 0-0 Be7 9. Bd2 dxe5 10. dxe5 0-0 11. Nc3 Nxc3 12. Bxc3 Qc7 13. Qe2 Bd7 14. Rac1 Rac8 15. a3 Rfd8 16. Bd3 Be8 17. h4 g6 18. Rfe1 a5 19. Qe3 Rd5 20. Bc4 Rc5 21. Ba2 b5 22. Bd2 Qa7 23. Qf4 Rxc1 24. Rxc1 Qb8 25. Ng5 Rd8 26. Nxf7 Rd4 27. Nh6+ Kg7 28. Qe3 Qd8 29. Rc2 Rxh4 30. f3 Rd4 31. Ng4 Qd7 32. Qh6+ Kg8 33. Nf6+ Bxf6 34. exf6 Nd8 35. Be3 Rd1+ 36. Kf2 Qf7 37. Qg5 h6 38. Qxh6 Qxf6 39. Bc5 Rd7 40. Re2 Qf5 41. Bb6 Bf7 42. Bxa5 Nc6 43. Bc3 e5 44. Bxf7+ Rxf7 45. Qe3 Re7 46. Qc5 Qf6 47. Re4 Rb7 48. Bxe5 Nxe5 49. Qxe5 Qb6+ 50. Qd4 Qc6 51. Re2 Rf7 52. Rd2 Qb7 53. Rc2 Rd7 54. Qc5 Kg7 55. Qe5+ Kf7 56. Qe4 Qb6+ 57. Kg3 Rd6 58. Rc8 Re6 59. Qf4+ Ke7 60. Qc7+ Qxc7+ 61. Rxc7+ Kd6 62. Rc2 Re5 63. Kf4 Rd5 64. Ke3 Re5+ 65. Kd3 Rg5 66. b3 Rd5+ 67. Kc3 Kc5 68. Re2 Rd6 69. Re5+ Kb6 70. a4 bxa4 71. bxa4 Rf6 72. Kb4 Rf4+ 73. Re4 Rf6 74. Kc4 Rd6 75. Rg4 Kc7 76. a5 Kb7 77. Kc5 Kc7 78. Rf4 Rc6+ 79. Kb5 Re6 80. Rf7+ Kb8 81. a6 Re5+ 82. Kc4 Re6 83. a7+ Ka8 84. Kd5 Re2 85. g4 Re3 86. Kd4 Ra3 87. Ke5 Re3+ 88. Kf4 Ra3 89. Kg5 1-0

[Event "HUN-chT2 Charousek 1415"]
[Site "Hungary"]
[Date "2015.04.26"]
[Round "9"]
[White "Suket, Mate"]
[Black "Nagy, Kristof"]
[Result "0-1"]
[WhiteElo "1845"]
[BlackElo "2091"]
[PlyCount "72"]
[EventDate "2014.10.12"]
[EventType "team-tourn"]
[EventRounds "9"]
[EventCountry "HUN"]
[SourceTitle "EXT 2016"]
[Source "ChessBase"]
[SourceDate "2015.10.08"]
[SourceVersion "1"]
[SourceVersionDate "2015.10.08"]
[SourceQuality "1"]
[WhiteTeam "SZASTE"]
[BlackTeam "Csuti"]
[WhiteTeamCountry "HUN"]
[BlackTeamCountry "HUN"]

1. e4 c5 2. Nf3 d6 3. d4 cxd4 4. Nxd4 Nf6 5. Nc3 Nc6 6. Be2 e5 7. Nf3 h6 8. b3 Be6 9. Bb2 Be7 10. Qd2 a6 11. a4 Rc8 12. Rc1 0-0 13. 0-0 Nb8 14. Bd3 Nbd7 15. h3 Qc7 16. Rfe1 Qc6 17. Qe3 Bd8 18. Na2 Ba5 19. Red1 Nc5 20. Ba3 Ncxe4 21. Bxe4 Nxe4 22. Nb4 Bxb4 23. Bxb4 Rfd8 24. c4 f6 25. Rd3 b5 26. axb5 axb5 27. c5 d5 28. Nd2 Nd6 29. f4 Nf5 30. Qf2 e4 31. Rg3 Nxg3 32. Qxg3 d4 33. Re1 e3 34. Nf3 Qe4 35. Nh4 d3 36. Ba5 e2 0-1

[Event "HUN-chT2 Charousek 1415"]
[Site "Hungary"]
[Date "2015.03.22"]
[Round "8"]
[White "Nagy, Kristof"]
[Black "Werner, Anna"]
[Result "1-0"]
[WhiteElo "2104"]
[BlackElo "2036"]
[PlyCount "67"]
[EventDate "2014.10.12"]
[EventType "team-tourn"]
[EventRounds "9"]
[EventCountry "HUN"]
[SourceTitle "EXT 2016"]
[Source "ChessBase"]
[SourceDate "2015.10.08"]
[SourceVersion "1"]
[SourceVersionDate "2015.10.08"]
[SourceQuality "1"]
[WhiteTeam "Csuti"]
[BlackTeam "Decs"]
[WhiteTeamCountry "HUN"]
[BlackTeamCountry "HUN"]

1. e4 e6 2. d3 d5 3. Nd2 c5 4. Ngf3 Nc6 5. g3 Bd6 6. Bg2 Nge7 7. 0-0 0-0 8. Re1 Qc7 9. Qe2 f6 10. c3 Bd7 11. Nf1 d4 12. h4 b5 13. N1h2 Rab8 14. h5 e5 15. g4 Qc8 16. Nh4 Be6 17. Nf5 Bc7 18. Nf3 Ba5 19. Bd2 Nxf5 20. gxf5 Bf7 21. Nh4 Ne7 22. Qg4 Kh8 23. Bf3 dxc3 24. bxc3 Qd7 25. Kg2 c4 26. Ng6+ Bxg6 27. hxg6 Ng8 28. Rh1 Nh6 29. Bxh6 gxh6 30. Rxh6 Rg8 31. Rah1 Rb7 32. Qh4 Rg7 33. Qxf6 Kg8 34. Rxh7 1-0

[Event "HUN-chT2 Charousek 1415"]
[Site "Hungary"]
[Date "2015.03.01"]
[Round "7"]
[White "Fodor, Tamas Sr"]
[Black "Nagy, Kristof"]
[Result "0-1"]
[WhiteElo "1978"]
[BlackElo "2091"]
[PlyCount "66"]
[EventDate "2014.10.12"]
[EventType "team-tourn"]
[EventRounds "9"]
[EventCountry "HUN"]
[SourceTitle "EXT 2016"]
[Source "ChessBase"]
[SourceDate "2015.10.08"]
[SourceVersion "1"]
[SourceVersionDate "2015.10.08"]
[SourceQuality "1"]
[WhiteTeam "Paks ASE II"]
[BlackTeam "Csuti"]
[WhiteTeamCountry "HUN"]
[BlackTeamCountry "HUN"]

1. d4 d5 2. c4 c6 3. Nf3 Nf6 4. e3 e6 5. Bd3 Nbd7 6. 0-0 Bd6 7. Nc3 dxc4 8. Bxc4 b5 9. Bd3 Bb7 10. b3 Qe7 11. Bb2 a6 12. Rc1 c5 13. Re1 0-0 14. Bb1 b4 15. Na4 Ne4 16. h3 Rfd8 17. Qe2 f5 18. Bd3 cxd4 19. Nxd4 Ne5 20. Bxe4 fxe4 21. Rc2 Nd3 22. Rf1 Rac8 23. Rd2 Be5 24. Qg4 Rd6 25. Ba1 Bxd4 26. Bxd4 e5 27. Ba1 Rg6 28. Qe2 Rf8 29. Kh2 Qg5 30. f4 Qg3+ 31. Kh1 exf4 32. Rc2 f3 33. Qd2 f2 0-1

[Event "HUN-chT2 Szechenyi 1415"]
[Site "Hungary"]
[Date "2015.02.08"]
[Round "8.3"]
[White "Kiss, Csaba"]
[Black "Nagy, Kristof"]
[Result "0-1"]
[WhiteElo "1797"]
[BlackElo "2086"]
[PlyCount "72"]
[EventDate "2014.09.07"]
[EventType "team-tourn"]
[EventRounds "11"]
[EventCountry "HUN"]
[SourceTitle "EXT 2016"]
[Source "ChessBase"]
[SourceDate "2015.10.08"]
[SourceVersion "1"]
[SourceVersionDate "2015.10.08"]
[SourceQuality "1"]
[WhiteTeam "Papa"]
[BlackTeam "Csuti"]
[WhiteTeamCountry "HUN"]
[BlackTeamCountry "HUN"]

1. e4 c5 2. Nf3 d6 3. d4 cxd4 4. Nxd4 Nf6 5. Nc3 Nc6 6. Bg5 Qa5 7. Bxf6 gxf6 8. Nb3 Qd8 9. Qh5 a6 10. 0-0-0 e6 11. f4 Qc7 12. g3 b5 13. Bg2 Bb7 14. Rhe1 0-0-0 15. Rd2 Kb8 16. Red1 Bg7 17. Kb1 h6 18. Bf1 Na7 19. Bg2 b4 20. Ne2 f5 21. Ned4 fxe4 22. Qe2 d5 23. Qe3 a5 24. Bf1 a4 25. Nc1 Rc8 26. Nb5 Nxb5 27. Bxb5 Qa5 28. Bf1 d4 29. Rxd4 Qc5 30. c4 bxc3 31. bxc3 Bxd4 32. Rxd4 Qxc3 33. Qxc3 Rxc3 34. Rxa4 Rd8 35. Be2 Rd2 36. Bh5 Rxh2 0-1

[Event "HUN-chT2 Szechenyi 1415"]
[Site "Hungary"]
[Date "2014.11.30"]
[Round "5.1"]
[White "Nagy, Kristof"]
[Black "Szakacs, Daniel"]
[Result "1/2-1/2"]
[WhiteElo "2086"]
[BlackElo "2139"]
[PlyCount "52"]
[EventDate "2014.09.07"]
[EventType "team-tourn"]
[EventRounds "11"]
[EventCountry "HUN"]
[SourceTitle "EXT 2016"]
[Source "ChessBase"]
[SourceDate "2015.10.08"]
[SourceVersion "1"]
[SourceVersionDate "2015.10.08"]
[SourceQuality "1"]
[WhiteTeam "Csuti"]
[BlackTeam "Veszprem"]
[WhiteTeamCountry "HUN"]
[BlackTeamCountry "HUN"]

1. e4 g6 2. d4 Bg7 3. f4 d5 4. e5 f6 5. Nf3 Bg4 6. Be2 Nh6 7. 0-0 0-0 8. c4 dxc4 9. Bxc4+ Kh8 10. Qd3 Nd7 11. Be3 Nf5 12. Nbd2 Nb6 13. h3 Bxf3 14. Rxf3 fxe5 15. fxe5 Nxe3 16. Qxe3 Rxf3 17. gxf3 Bh6 18. f4 Nxc4 19. Nxc4 Qd5 20. b3 Rd8 21. Rd1 c5 22. Qg3 Qe4 23. Qh4 Bf8 24. Nd6 Qe3+ 25. Kf1 Kg8 26. Qg4 exd6 1/2-1/2

[Event "HUN-chT2 Szechenyi 1415"]
[Site "Hungary"]
[Date "2014.11.16"]
[Round "4.5"]
[White "Foki, Robert"]
[Black "Nagy, Kristof"]
[Result "0-1"]
[WhiteElo "1832"]
[BlackElo "2086"]
[PlyCount "70"]
[EventDate "2014.09.07"]
[EventType "team-tourn"]
[EventRounds "11"]
[EventCountry "HUN"]
[SourceTitle "EXT 2016"]
[Source "ChessBase"]
[SourceDate "2015.10.08"]
[SourceVersion "1"]
[SourceVersionDate "2015.10.08"]
[SourceQuality "1"]
[WhiteTeam "Arboretum"]
[BlackTeam "Csuti"]
[WhiteTeamCountry "HUN"]
[BlackTeamCountry "HUN"]

1. d4 d5 2. Nf3 Nf6 3. Nbd2 e6 4. c3 c5 5. Qc2 Nc6 6. e4 dxe4 7. Nxe4 cxd4 8. Nxf6+ gxf6 9. cxd4 Nxd4 10. Qa4+ Nc6 11. Bb5 Bd7 12. 0-0 a6 13. Be2 e5 14. Qh4 h5 15. Rd1 Bc5 16. Qc4 Qb6 17. Rxd7 Kxd7 18. Qxf7+ Ne7 19. Nxe5+ fxe5 20. Bg5 Qe6 21. Rd1+ Bd6 22. Qf3 Nc6 23. b3 Raf8 24. Qe3 Kc7 25. Qc1 e4 26. Bh4 Bf4 27. Qc3 Qe5 28. Qh3 Kb8 29. Bc4 Rh7 30. a4 Rg7 31. Rd5 Qa1+ 32. Bf1 Nd4 33. g3 e3 34. Kh1 e2 35. Kg1 Nf3+ 0-1